000 00684cam a2200145 4500500
005 20251228052418.0
041 _afre
042 _adc
100 1 0 _aYenshu Vubo, Emmanuel
_eauthor
245 0 0 _aKONINGS, Piet & NYAMNJOH, Francis B. — Negotiating an Anglophone Identity. A Study of the Politics of Recognition and Representation in Cameroon.   Leiden-Boston, Brill (Afrika-Studiecentrum Series, Vol. 1), 2003, 230 p.
260 _c2005.
500 _a35
786 0 _nCahiers d'études africaines | 177 | 1 | 2005-03-01 | p. 257f-303f | 0008-0055
856 4 1 _uhttps://shs.cairn.info/revue-cahiers-d-etudes-africaines-2005-1-page-257f?lang=fr&redirect-ssocas=7080
999 _c1583486
_d1583486